000 00272nam a2200097Ia 4500
082 _a320.968|GROO
245 0 _aS.A. politics unspun
100 _a Grootes, Stephen Kenilworth, South Africa, 2013
_965099
942 _cBK
008 210817s9999 xx 000 0 und d
999 _c207594
_d207593